Personnage de supernatural - Statistiques

Statistiques générales
  • Ce quiz a été pris 245 fois
    243 depuis la dernière actualisation
  • Le résultat moyen est 24 sur 106
Statistiques - réponses
% Correct
Dean
98%
Castiel
85%
Sœur Jo
83%
Lucifer
77%
Crowley
73%
Chuck/Dieu
67%
John Winchester
67%
Mary Winchester
64%
Gabriel
61%
Bobby Singer
57%
Jack
57%
Rowena
57%
Ruby
55%
Charlie
54%
Sam Winchester
53%
Meg
50%
Azazel
47%
Ellen
42%
Michel
42%
Ben
41%
Sammy
39%
Lilith
38%
Adam
37%
Métatron
36%
Kevin Tran
35%
Amara
33%
Garth
33%
Lisa
33%
Raphaël
33%
Jessica
31%
Claire Novak
30%
La Mort
30%
Jody Mills
29%
Benny
28%
Uriel
28%
CaÏn
27%
Samuel Campbell
27%
Ash
26%
Henry Winchester
26%
Abaddon
25%
Balthazar
23%
Donna
23%
Dick Roman
22%
Eve
22%
Bela
21%
Arthur Ketch
20%
Jimmy Novak
20%
Jo Harvelle
20%
Alastair
19%
Naomi
19%
Becky
18%
Billie
18%
Gadreel
18%
Gordon
17%
Hannah
17%
La Famine
17%
Asmodeus
16%
La Guerre
15%
Linda Tran
15%
Samandriel
15%
Kelly Kline
13%
Tessa
13%
Zachariah
13%
Ezekiel
12%
Anna Milton
11%
Pamela
11%
La Peste
10%
Loki
10%
Donatello
7%
Samuel Colt
7%
Amelia Richardson
6%
Joshua
6%
Nick
6%
Patience
6%
Zeus
6%
Barthélemy
5%
Cole
5%
Odin
5%
Edgar
4%
Alicia
3%
Cupidon
3%
Jared Padalecki
3%
Jensen Ackles
3%
Rufusse
3%
Aaron Bass
2%
Adina
2%
Akobel
2%
Alan Corbett
2%
Anubis
2%
Dumah
2%
Fred
2%
Ishim
2%
Lydia
2%
Mick Davis
2%
Misha Collins
2%
Asa Fox
1%
Atropos
1%
Daphné
1%
Kalia
1%
Kenny
1%
Oliver
1%
Roy
1%
Scooby-Doo
1%
Vince Vincente
1%
Barthamus
0%
Tasha
0%
Aucun quiz correspondant
Distribution des résultats
% des personnes avec chaque résultat
Percentile par nombre de réponses
Votre historique - résultats
Vous n’avez pas pris ce quiz depuis la dernière actualisation